| 000 | 01541nam a2200337 a 4500 | ||
|---|---|---|---|
| 001 | 000008548 | ||
| 003 | DO-SdBNP | ||
| 005 | 20250621074005.0 | ||
| 007 | ta | ||
| 008 | 090917s2000 dr ac 000 0 spa d | ||
| 020 | _a9993423149 | ||
| 040 |
_aDO-SdBNP _bspa _cBNPHU |
||
| 082 | 4 |
_a306.097293 _bC968s _221 |
|
| 245 | 0 | 0 |
_aCultura y sociedad : _ben la República Dominicana del siglo veinte / _ceditor Juan Daniel Balcácer ; fotografía Julio González. |
| 260 |
_aSanto Domingo : _bEl Siglo, _c2000. |
||
| 300 |
_a459 p. : _bil. ; _c30 cm. |
||
| 520 | 2 | _aEn el período comprendido entre el 29 de noviembre de 1999 y el 7 de enero del 2000, El Siglo publicó una serie de artículos especiales sobre acontecimientos, procesos y personajes històricos del siglo XX dominicano gracias a la colaboraciòn de prestigiosos acadèmicos e intelectuales nacionales. | |
| 590 | _aInventariado,2018/DG | ||
| 650 | 4 |
_aCulturas nacionales _922910 |
|
| 650 | 4 |
_aNacionalismo y cultura _922911 |
|
| 650 | 4 |
_aArte y sociedad _zRepública Dominicana _922912 |
|
| 650 | 4 |
_aCultura _zRepública Dominicana _xHistoria _91949 |
|
| 651 | 0 |
_aRepública Dominicana _xPolítica y gobierno _945 |
|
| 651 | 4 |
_aRepública Dominicana _xCondiciones Económicas _xHistoria _91210 |
|
| 651 | 4 |
_aRepública Dominicana _xCondiciones Sociales _946 |
|
| 700 | 1 | 2 |
_aGonzález, Julio _922913 |
| 700 | 1 | 2 |
_aBalcácer, Juan Daniel, _d1949- _eed. _96566 |
| 710 | 1 |
_aEl siglo (República Dominicana) _922914 |
|
| 910 | _aValidado. Control de calidad MMOLINA | ||
| 942 |
_2ddc _cLBS1 |
||
| 999 |
_c8318 _d8318 |
||